000 00539nmm a2200193Ia 4500
008 251105s9999||||xx |||||||||||||||||und||
020 _a9788484287803
041 _aspa
100 _aDostoievski, Fiódor M.
245 0 _aLa mansa
264 _a[Madrid, España] :
_bAlba Editorial,
_c2012
300 _a96 páginas
490 _aAlba brevis
650 _aOther narratives
700 _aDostoievski, Fiódor M.
700 1 _a Gallego Ballestero, Víctor
856 _uhttps://public.digitaliapublishing.com/a/33220
942 _cCF
999 _c64880
_d64880